| 000 | 01081nam a2200277 a 4500 | ||
|---|---|---|---|
| 001 | 774 | ||
| 003 | BR-CuiBMT | ||
| 005 | 20231127201002.0 | ||
| 008 | 230823s2019 mgba 001 0 por d | ||
| 020 | _a9788545006787 | ||
| 040 |
_aBR-CuiBMT _cBR-CuiBMT |
||
| 080 |
_a34:336.22 _22007 |
||
| 090 |
_a34:336.22 _bC758 |
||
| 245 | 0 | 2 |
_aA Constituição cidadã e o direito tributário : _bestudos em homenagem ao ministro Carlos Ayres Britto / _cSaul Tourinnho Leal, Eduardo Lourenço Gregório Júnior coordenadores ; prefácio Ricardo Lewandowski. |
| 260 |
_aBelo Horizonte : _bFórum, _cc2019. |
||
| 300 |
_a508 p. : _bil. ; _c24 cm |
||
| 504 | _aInclui bibliografia. | ||
| 590 | _aA Biblioteca possui a 1. reimpr. 2020. | ||
| 600 | 1 | 4 |
_aBritto, Carlos Ayres, _d1942- |
| 650 |
_aDireito tributário _xLegislação _zBrasil |
||
| 650 |
_aDireito constitucional _xTributação _zBrasil |
||
| 650 |
_aAdministração tributária _xConstituição _zBrasil |
||
| 700 | 1 |
_aLeal, Saul Tourinho, _d1982- _4coord. |
|
| 700 | 1 |
_aGregório Júnior, Eduardo Lourenço _4coord. |
|
| 942 |
_2udc _cLV |
||
| 999 |
_c774 _d774 |
||